UM Logo

Demonstration of picosecond 4H-SiC avalanche shaper with voltage rise rate of 11.14 k V/ns and peak power density of 62 MW/cm² / (Record no. 20321)

MARC details
000 -LEADER
fixed length control field 01237nam a22002777a 4500
003 - CONTROL NUMBER IDENTIFIER
control field OSt
005 - DATE AND TIME OF LATEST TRANSACTION
control field 20250911173503.0
008 - FIXED-LENGTH DATA ELEMENTS--GENERAL INFORMATION
fixed length control field 240524b ||||| |||| 00| 0 eng d
040 ## - CATALOGING SOURCE
Transcribing agency 0
082 ## - DEWEY DECIMAL CLASSIFICATION NUMBER
Classification number DPer 621.381 In821 April 2022 v. 37 n. 4
100 ## - MAIN ENTRY--PERSONAL NAME
Personal name Zhou, Yu.
Relator term author.
9 (RLIN) 57295
245 ## - TITLE STATEMENT
Title Demonstration of picosecond 4H-SiC avalanche shaper with voltage rise rate of 11.14 k V/ns and peak power density of 62 MW/cm² /
Statement of responsibility, etc. Yu Zhou, Xiaoyan Tang, Qingwen Song, Chao Han, Hao Yuan, Yancong Liu, Sicheng Liu, Yimen Zhang, and Yuming Zhang.
260 ## - PUBLICATION, DISTRIBUTION, ETC. (IMPRINT)
Place of publication, distribution, etc. New York ;
Name of publisher, distributor, etc. he Institute of Electrical and Electronics Engineers, Inc. ,
Date of publication, distribution, etc. April 2022.
300 ## - PHYSICAL DESCRIPTION
Extent Volume 37, pages 3724-3727 :
Other physical details illustration ;
Dimensions 28 cm.
500 ## - GENERAL NOTE
General note IEEE Transactions on Power Electronics, vol. 37, no. 4, pages 3724-3727, April 2022.
700 ## - ADDED ENTRY--PERSONAL NAME
Personal name Zhou, Yu.
Relator term author.
9 (RLIN) 57295
700 ## - ADDED ENTRY--PERSONAL NAME
Personal name Tang, Xiaoyan.
Relator term author.
9 (RLIN) 57296
700 ## - ADDED ENTRY--PERSONAL NAME
Personal name Song, Qingwen.
Relator term author.
9 (RLIN) 57297
700 ## - ADDED ENTRY--PERSONAL NAME
Personal name Han, Chao.
Relator term author.
9 (RLIN) 57298
700 ## - ADDED ENTRY--PERSONAL NAME
Personal name Yuan, Hao.
Relator term author.
9 (RLIN) 57299
700 ## - ADDED ENTRY--PERSONAL NAME
Personal name Liu, Yancong.
Relator term author.
9 (RLIN) 57300
700 ## - ADDED ENTRY--PERSONAL NAME
Personal name Liu, Sicheng.
Relator term author.
9 (RLIN) 57301
700 ## - ADDED ENTRY--PERSONAL NAME
Personal name Zhang, Yimen.
Relator term author.
9 (RLIN) 57302
700 ## - ADDED ENTRY--PERSONAL NAME
Personal name Zhang, Yuming.
Relator term author.
9 (RLIN) 57303
942 ## - ADDED ENTRY ELEMENTS (KOHA)
Source of classification or shelving scheme Dewey Decimal Classification
Koha item type Periodicals
Holdings
Withdrawn status Lost status Source of classification or shelving scheme Damaged status Not for loan Collection code Home library Current library Date acquired Total Checkouts Full call number Date last seen Price effective from Koha item type Public note
    Dewey Decimal Classification     Periodicals UM Digos College - LIC UM Digos College - LIC 05/24/2024   DPer 621.381 In821 April 2022 v. 37 n. 4 05/24/2024 05/24/2024 Periodicals Periodical Article